00606nam a2200193Ia 450000500170000000800410001702000250005804000190008304100120010208200150011424500350012926000700016430000340023450400520026863000410032065000140036165100270037585000100040220230410092900.0131103s9999 xx 000 0 und d a019592 0104cRs. 595 aLoreto College aEnglish a338.9bASI aAsian development outlook 1999 aOxford bOxford University Press for Asian Development Bankc1999 axvi,264 p.b ill.,fig.,tables aEconomic Openness : Growth and Recovery in Asia aEconomics - Planning and Development aEconomics aAsia - Economic Policy aLCLIB